000 00280nam a22001337a 4500
008 170401b xxu||||| |||| 00| 0 eng d
020 _a9781606521649
041 _aeng
080 _a574
100 _a9
101 _aSHM
245 _aCROPS IN POTS
_cPURNELL, B
942 _2udc
_cBK
999 _c9395
_d9395